<?xml version="1.0" encoding="UTF-8"?>
<record
    xmlns:xsi="http://www.w3.org/2001/XMLSchema-instance"
    xsi:schemaLocation="http://www.loc.gov/MARC21/slim http://www.loc.gov/standards/marcxml/schema/MARC21slim.xsd"
    xmlns="http://www.loc.gov/MARC21/slim">

  <leader>00970nam a2200217 i 4500</leader>
  <controlfield tag="001">181228</controlfield>
  <controlfield tag="003">ES-MaACL</controlfield>
  <controlfield tag="005">20250812224327.0</controlfield>
  <controlfield tag="008">121105s1921    sp           |||| | spa d</controlfield>
  <datafield tag="080" ind1=" " ind2=" ">
    <subfield code="a">51 Ciruelo, Pedro</subfield>
  </datafield>
  <datafield tag="100" ind1="1" ind2=" ">
    <subfield code="a">Lorente P&#xE9;rez, Jos&#xE9; Mar&#xED;a.</subfield>
    <subfield code="9">74121</subfield>
  </datafield>
  <datafield tag="245" ind1="1" ind2="0">
    <subfield code="a">Biograf&#xED;a y an&#xE1;lisis de las obras de matem&#xE1;tica pura de Pedro S&#xE1;nchez Ciruelo / </subfield>
    <subfield code="c">por Jos&#xE9; Mar&#xED;a Lorente y P&#xE9;rez.</subfield>
  </datafield>
  <datafield tag="260" ind1=" " ind2=" ">
    <subfield code="a">Madrid : </subfield>
    <subfield code="b">Junta para Ampliaci&#xF3;n de Estudios e Investigaciones Cient&#xED;ficas,</subfield>
    <subfield code="c">1921.</subfield>
  </datafield>
  <datafield tag="300" ind1=" " ind2=" ">
    <subfield code="a">P. [263]-349 ; </subfield>
    <subfield code="c">23 cm.</subfield>
  </datafield>
  <datafield tag="490" ind1="1" ind2=" ">
    <subfield code="a">Publicaciones del Laboratorio y Seminario Matem&#xE1;tico ; </subfield>
    <subfield code="v">t. 3. Memoria 5&#xAA;</subfield>
  </datafield>
  <datafield tag="600" ind1="1" ind2="4">
    <subfield code="a">Ciruelo, Pedro.</subfield>
    <subfield code="9">151795</subfield>
  </datafield>
  <datafield tag="710" ind1="2" ind2=" ">
    <subfield code="a">Junta para la Ampliaci&#xF3;n de Estudios e Investigaciones Cient&#xED;ficas.</subfield>
    <subfield code="9">5413</subfield>
  </datafield>
  <datafield tag="830" ind1="0" ind2="0">
    <subfield code="a">Publicaciones del Laboratorio y Seminario Matem&#xE1;tico</subfield>
    <subfield code="v">t. 3. Memoria 5&#xAA;</subfield>
    <subfield code="9">191411</subfield>
  </datafield>
  <datafield tag="852" ind1=" " ind2=" ">
    <subfield code="a">ES-MaACL</subfield>
    <subfield code="j">B-13178(5) </subfield>
    <subfield code="z">.- Enc. en vol. facticio</subfield>
  </datafield>
  <datafield tag="999" ind1=" " ind2=" ">
    <subfield code="c">181228</subfield>
    <subfield code="d">181228</subfield>
  </datafield>
  <datafield tag="952" ind1=" " ind2=" ">
    <subfield code="0">0</subfield>
    <subfield code="1">0</subfield>
    <subfield code="4">0</subfield>
    <subfield code="7">0</subfield>
    <subfield code="a">ATENEOM</subfield>
    <subfield code="b">ATENEOM</subfield>
    <subfield code="c">SPB</subfield>
    <subfield code="d">2012-11-05</subfield>
    <subfield code="e">SC</subfield>
    <subfield code="l">0</subfield>
    <subfield code="o">B-13178(5)</subfield>
    <subfield code="p">1190446</subfield>
    <subfield code="r">2023-02-23 00:00:00</subfield>
    <subfield code="w">2023-02-23</subfield>
    <subfield code="y">MONOGRAFIA</subfield>
  </datafield>
</record>
